000 00285nam a22001337a 4500
999 _c54977
_d54977
008 200203b ||||| |||| 00| 0 eng d
041 _aeng
080 _a043.3
082 _a043.3
100 _a0
101 _aMTH
245 _aCloud Computing në SME
_cHashani,F
942 _2udc
_cBK